Panchala vrutti padakosha (Record no. 173330)
[ view plain ]
| 000 -LEADER | |
|---|---|
| fixed length control field | 00584nam a2200241Ia 4500 |
| 003 - CONTROL NUMBER IDENTIFIER | |
| control field | OSt |
| 005 - DATE AND TIME OF LATEST TRANSACTION | |
| control field | 20230525192454.0 |
| 008 - FIXED-LENGTH DATA ELEMENTS--GENERAL INFORMATION | |
| fixed length control field | 210423s1999 xx 000 0 und d |
| 040 ## - CATALOGING SOURCE | |
| Transcribing agency | AL |
| 041 ## - LANGUAGE CODE | |
| Language code of text/sound track or separate title | kan |
| 082 ## - DEWEY DECIMAL CLASSIFICATION NUMBER | |
| Classification number | 331.12502k |
| Edition number | 23 |
| Item number | BABP |
| 100 ## - MAIN ENTRY--PERSONAL NAME | |
| Personal name | BABU (Panduranga) |
| 9 (RLIN) | 114610 |
| 245 ## - TITLE STATEMENT | |
| Title | Panchala vrutti padakosha |
| 250 ## - EDITION STATEMENT | |
| Edition statement | 1 |
| 260 ## - PUBLICATION, DISTRIBUTION, ETC. | |
| Place of publication, distribution, etc. | Hampi |
| Name of publisher, distributor, etc. | Prasasanga |
| Date of publication, distribution, etc. | 1999 |
| 300 ## - PHYSICAL DESCRIPTION | |
| Extent | vi,32 |
| 365 ## - TRADE PRICE | |
| Price amount | 75 |
| Currency code | INR |
| 440 ## - SERIES STATEMENT/ADDED ENTRY--TITLE | |
| Volume/sequential designation | 1 |
| 650 ## - SUBJECT ADDED ENTRY--TOPICAL TERM | |
| Topical term or geographic name entry element | Economics |
| 9 (RLIN) | 114611 |
| 650 ## - SUBJECT ADDED ENTRY--TOPICAL TERM | |
| Topical term or geographic name entry element | Labour Economics |
| 9 (RLIN) | 114612 |
| 906 ## - LOCAL DATA ELEMENT F, LDF (RLIN) | |
| a | padakosha ; Panchala ; vrutti |
| 942 ## - ADDED ENTRY ELEMENTS (KOHA) | |
| Source of classification or shelving scheme | Dewey Decimal Classification |
| Koha item type | Book |
| Withdrawn status | Lost status | Damaged status | Not for loan | Collection code | Home library | Current library | Date acquired | Source of acquisition | Cost, normal purchase price | Total Checkouts | Full call number | Barcode | Date last seen | Price effective from | Koha item type |
|---|---|---|---|---|---|---|---|---|---|---|---|---|---|---|---|
| MSW | St Aloysius PG Library | St Aloysius PG Library | 11/07/2002 | Prasasanga | 75.00 | 331.12502k BABP | PG019921 | 08/24/2022 | 04/26/2021 | Book |